Incidental music and Duneral march from Grania and Diarmid, Op. 42
| Main Author: | Elgar, Edward, 1857-1934 |
|---|---|
| Language: | No linguistic content |
| Published: |
London : Novello, 1902 |
| Physical Description: |
1 partitura (22 s.) |
| LEADER | 00740ncm a22002052a 4500 | ||
|---|---|---|---|
| 001 | 000418472 | ||
| 003 | CZ BrMZK | ||
| 005 | 20120419091948.0 | ||
| 007 | qu | ||
| 008 | 990305s1902 xxk f zxx d | ||
| 040 | |a BOA001 |b cze | ||
| 072 | 7 | |a 785 |x Instrumentální hudba. Symfonická hudba. Hudba pro více nástrojů |2 Konspekt |9 9 | |
| 100 | 1 | |a Elgar, Edward, |d 1857-1934 |7 jn19990002036 |4 cmp | |
| 245 | 1 | 0 | |a Incidental music and Duneral march from Grania and Diarmid, Op. 42 |h [hudebnina] / |c Edward Elgar |
| 260 | |a London : |b Novello, |c 1902 | ||
| 300 | |a 1 partitura (22 s.) | ||
| 910 | |a BOA001 |b Mus4-0670.229 | ||
| 990 | |a MU | ||
| 991 | |b 201204 | ||
| 996 | 6 | |b 2619771213 |c Mus4-0670.229 |l MZK |r Sklad / do 1 hodiny |n 3 |w 000418472 |u 000010 |a 1 |e BOA001 |j MZK50 |s P | |
English
Čeština 